Manual del arquitecto y del constructor
Gorde:
| Egile nagusia: | |
|---|---|
| Formatua: | Liburua |
| Hizkuntza: | gaztelania |
| Argitaratua: |
Ciudad de México
UTEHA
1957
|
| Gaiak: | |
| Etiketak: |
Etiketa erantsi
Etiketarik gabe, Izan zaitez lehena erregistro honi etiketa jartzen!
|
MARC
| LEADER | 00000nam a2200000 a 4500 | ||
|---|---|---|---|
| 001 | UCU7560 | ||
| 003 | CL-VaPUC | ||
| 008 | 960705e19570000MX |||||||||||||||||spa|d | ||
| 082 | 0 | 4 | |a 721.02 |b KID |2 21 |
| 100 | 0 | |a Kidder, Frank E |e author |9 366459 | |
| 245 | 1 | 0 | |a Manual del arquitecto y del constructor |
| 300 | |a 2363 p | ||
| 942 | |c BK | ||
| 945 | |d 19960705 00:00:00 |a cmena | ||
| 260 | |a Ciudad de México |b UTEHA |c 1957 | ||
| 650 | 0 | |a Arquitectura |9 804558 | |
| 650 | 0 | |a Construcción |9 260195 | |
| 650 | 0 | |a Manuales |9 257144 | |
| 650 | 0 | |a Aritmética |9 270049 | |
| 650 | 0 | |a Geometría |9 264063 | |
| 650 | 0 | |a Propiedades mecánicas |9 262507 | |
| 650 | 0 | |a Elementos estructurales |9 350100 | |
| 650 | 0 | |a Ingeniería civil |9 260076 | |
| 650 | 7 | |a FUNDACIONES |2 CL-VaPUC |9 363951 | |
| 650 | 7 | |a PAREDES |2 CL-VaPUC |9 366461 | |
| 650 | 0 | |a Vigas |9 363949 | |
| 650 | 0 | |a Arcos |9 271658 | |
| 650 | 0 | |a Edificios |9 260501 | |
| 650 | 0 | |a Control de calidad |9 259714 | |
| 650 | 0 | |a Tuberías |9 259420 | |
| 583 | |a last modification |c 19960705 00:00:00 |k Rodrigo Vera | ||
| 999 | |c 250167 |d 250165 | ||